MARC

LEADER 00000nam0a2200000 4500
001 253577
005 20231101232845.0
010 |a 5282002191 
020 |a RU  |b 89-40266 
035 |a (RuTPU)RU\TPU\book\275973 
090 |a 253577 
100 |a 20140314d1989 k a0rusy5003 ca 
101 0 |a rus 
102 |a RU 
105 |a y z 001zy 
200 1 |a Новая техника: ресурсное обеспечение  |e мнение экономистов  |f В. Д. Калачанов, В. Г. Сизов 
210 |a Москва  |c Экономика  |d 1989 
215 |a 142 с. 
225 1 |a Научно-технический прогресс 
320 |a Библиогр.: с. 142-143. 
606 1 |a Планирование  |x Методы  |x Программно-целевой метод  |x Системные методы и модели  |2 stltpush  |3 (RuTPU)RU\TPU\subj\36616  |9 57935 
610 1 |a управление 
610 1 |a машиностроение 
610 1 |a научно-исследовательская работа 
610 1 |a ресурсное обеспечение 
610 1 |a экономические показатели 
686 |a У9(2)210  |2 rubbk 
700 1 |a Калачанов  |b В. Д.  |g Вячеслав Дмитриевич 
701 1 |a Сизов  |b В. Г.  |g Виктор Григорьевич 
801 0 |a RU  |b RuMRKP  |c 19950417  |g psbo 
801 1 |a RU  |b 63413507  |c 20140314 
801 2 |a RU  |b 63413507  |c 20140529  |g RCR 
942 |c BK